000 07844cam a22018254i 4500
003 PE-LiUPU
005 20250813165833.0
008 150706s r 000 0 d
020 _a9788473602723
035 _a(Sirsi) i9788473602723
040 _aPE-LiUPU
_bspa
_cPE-LiUPU
_erda
049 _aPRUA
082 0 4 _a620.8
_bC78
_221
100 1 _aCortés Díaz, José María,
_eautor.
245 1 0 _aTécnicas de prevención de riesgos laborales :
_bseguridad e higiene del trabajo /
_cJosé María Cortés Díaz.
250 _a9a
264 1 _aMadrid :
_bTéba,
_c2007 .
300 _a742 páginas :
_bilustraciones, cuadros ;
_c24 cm.
336 _atext
_2rdacontent
337 _aunmediated
_2rdamedia
338 _avolume
_2rdacarrier
505 0 _aIntroduccióna A la Seguridad e Higiene Del Trabajo -- Salud y trabajo. Terminología básica. Daños profesionales y técnicas de prevención -- Seguridad e higiene del trabajo -- Legislación sobre prevención de riesgos laborales. Responsabilidades y sanciones -- Seguridad Del Trabajo. -Técnicas Generales -- El accidente de trabajo. Seguridad del trabajo -- Análisis estadístico de los accidentes. Índices estadísticos. Sistemas de representación gráfica. Evolución de la siniestrabilidad en España -- Justificación de la prevención. Economía de la seguridad. Calidad y seguridad -- Técnicas de seguridad- Evaluación de riesgos -- Técnicas analíticas posteriores al accidente. Investigación de accidentes -- Técnicas analíticas de prevención de accidentes. Inspecciones de seguridad -- - Normalización. Las normas de seguridad. Infraestructura para la calidad y la Seguridad Industrial -- Seguridad en el trabajo y seguridad del producto -- - Orden y limpieza en los lugares de trabajo. Señalización de seguridad. El color de la industria -- Protección Individual -- Protección Individual frente a riesgos mecánicos. Protección integral y protección colectiva -- Técnicas Específicas -- Técnicas de seguridad aplicadas a las máquinas- Riesgos de incendio y explosiones I. Riesgo de incendio. Prevención y protección contra incendios. Instalaciones. Inspecciones de seguridad Normativa -- Riesgos de incendio y explosiones II. Evaluación del riesgo de incendio. Explosiones. Plan de emergencia y autoprotección -- Riesgo eléctrico. Factores que intervienen en el riesgo eléctrico. Técnicas de seguridad contra contactos eléctricos. Riesgos en trabajos de alta tensión y electricidad estática -- Riesgo en las operaciones de manutención manual y mecánica- estudio de los riesgos en lo9s procesos tecnológicos de la industria mecánica -- Riesgo en los procesos tecnológicos de la Industria mecánica -- Riesgos en las operaciones industriales. Mantenimiento. Herramientas manuales. Sustancias y preparados químicos peligrosos -- Higiene Del Trabajo. Introducción a la higiene del trabajo. Concepto, funciones y terminología -- Higiene teórica. Criterios de valoración del riesgo higiénico -- - Otras ramas de la higiene del trabajo. Evaluación del riesgo higiénico- Agentes físicos ambientales I. Ruido y vibraciones. Evaluación y control del riesgo -- Agentes físicos ambientales. II. Iluminación, radiaciones ionizantes y no ionizantes -- Agentes físicos ambientales III. Ambiente con sobrecarga térmica. Valoración del riesgo de estrés térmico- Protección individual frente a riesgos higiénicos -- Riesgos procesos tecnológicos de la industria metalúrgica y química. Accidentes graves -- Seguridad En El Proyecto Y Mapas De Riesgos. La seguridad en el proyecto de los lugares de trabajo -- - Mapas de riesgos y su metodología -- Ergonomía. Ergonomía. Aplicación de la ergonomía a la seguridad -- Carga física mental -- Psicosociología aplicada a la prevención -- Factores psicosociales. Clasificación. Metodología -- Evaluación -- Intervención psicosocial -- Medicina Del Trabajo.- Medicina Del Trabajo Enfermedades profesionales- Enfermedades profesionales causadas por agentes químicos. Físicos, biológicos, por inhalación de sustancias y de la piel. Primeros auxilios -- Otras actuaciones en materia de prevención de riesgos laborales -- Organización y gestión de la prevención -- Organización Y Gestión de la prevención -- Organización Y Gestión de la prevención en la empresa -- Organización e instituciones con competencia en materia de prevención de Riesgo Laborales a nivel estatal y autonómico -- Organización e instituciones con competencia en materia de prevención de Riesgo Laborales a nivel Internacional.
526 _aP203
526 _aP200
526 _aSEG65
526 _aSEG64
526 _aSEG63
526 _aSEG62
526 _aSEG61
526 _aSEG60
526 _aSEG59
526 _aSEG58
526 _aSEG57
526 _aSEG56
526 _aSEG55
526 _aSEG54
526 _aSEG53
526 _aSEG52
526 _aSEG51
526 _aSEG50
526 _aSEG49
526 _aSEG48
526 _aSEG47
526 _aSEG46
526 _aSEG24
526 _aSEG23
526 _aSEG22
526 _aSEG21
526 _aSEG20
526 _aSEG19
526 _aSEG18
526 _aSEG17
526 _aSEG16
526 _aSEG14
526 _aSEG13
526 _aSEG12
526 _aSEG11
526 _aSEG10
526 _aSEG09
526 _aSEG06
526 _aSEG05
526 _aSEG04
526 _aSEG03
526 _aSEG02
526 _aSEG68
526 _aSEG66
526 _aSEG45
526 _aSEG25
526 _aSEG01
526 _aP163
526 _aP162
526 _aP161
526 _aP160
526 _aP159
526 _aP158
526 _aP157
526 _aP156
526 _aP155
526 _aP154
526 _aP153
526 _aP152
526 _aP151
526 _aP150
526 _aP149
526 _aP142
526 _aP141
526 _aP140
526 _aP139
526 _aP138
526 _aP137
526 _aP132
526 _aP131
526 _aP130
526 _aP126
526 _aP125
526 _aP124
526 _aP123
526 _aP115
526 _aP122
526 _aP121
526 _aP116
526 _a P114
526 _aP112
526 _aP111
526 _aP104
526 _aP103
526 _aP102
526 _aP101
526 _aP100
526 _aP96
526 _aP95
526 _aP93
526 _aP92
526 _aP91
526 _aP88
526 _aP83
526 _aP82
526 _aP79
526 _aP78
526 _aP75
526 _aP74
526 _aP71
526 _aP69
526 _a P51
526 _aP49
526 _aP48
526 _aP47
526 _aP33
526 _aP31
526 _a P30
526 _aP29
526 _aP27
526 _aP26
526 _aP25
526 _aP24
526 _a P22
526 _aP10
526 _aP09
526 _a P08
526 _aP06
526 _aP05
526 _aP04
526 _aP01
541 _g030-0010752;
650 0 4 _aSeguridad industrial.
_933
650 0 4 _aHigiene industrial.
650 0 4 _aErgonomía .
_9499
650 0 4 _aRiesgos laborales .
_946
910 _agl
_bjv
_cng
_d20111013
942 _2ddc
_cBOOK
949 _a620.8 C78
_wDEWEY
_c1
_i63851
_lCCODEBUL1
_mBUL
_p63.00
_r0
_sY
_tBOOK
_u2015-7-6
_xINGENIERIA
_PP24
_o.STAFF. Colección General
994 _aC0
_bPEPRU
596 _a1
999 _a620.8 C78
_wDEWEY
_c52727
_i63851
_d52727
_e2019-6-6
_f2021-11-9
_g7
_lCCODEBUL1
_mBUL
_n2
_p63.00
_q7
_r0
_sY
_tBOOK
_u2015-7-6
_xINGENIERIA
_PP24
_0COMPRA
_o.STAFF. Colección General
980 _81
_gALBERTO SANCHEZ Responsable de Automatización